000 00398cam a22001577a 4500
008 180718b1990 xxu||||| |||| 00| 0 eng d
020 _a8170243769
082 _ap952 m884
100 _aMudhol, M.V.
245 _aChildern's libraries: a study
_cby M.V. Mudhol
260 _aNew Delhi
_bAshish
_c1990
300 _a84p.
500 _aRs.75.00
650 _aLibraries
650 _aSchool Libraries
999 _c476039
_d476039